000 00433nam a2200169Ia 4500
008 230524s9999 xx 000 0 und d
082 _a621.389
_bMAH
100 _aPradyumna Kumar Mohapatra
_924329
245 0 _aDigital Electronics Circuits
250 _a1ST
260 _aNEW DELHI
_bMN
_c2007
300 _aXI;321
500 _aQuantity Number: 1
650 _aElectronics
700 _a Jivan J.Mohanty
_924330
942 _cBK
999 _c35895
_d35895